Five go to smuggler's top

Bibliographic Details
Main Author: Blyton, Enid
Other Authors: Knox, Jolyne (illustrated)
Format: Book
Published: London : Award Publications , 1979
Series:The famous five
Subjects:

MARC

LEADER 00000cam a2200000 7i4500
001 0000009145
002 000009960
005 20080401.0
020 |a 0861636856 
090 0 0 |a JF   |b BLY 
100 1 |a Blyton, Enid 
245 1 0 |a Five go to smuggler's top   |c Enid Blyton ; illustrated by Jolyne Knox 
260 |a London :   |b Award Publications ,   |c 1979 
300 |a 187p. :   |b ill. ;   |c 21cm. 
490 0 |a The famous five 
650 0 0 |a Adventure stories 
700 1 |a Knox, Jolyne ,   |e illustrated 
999 |a 041214   |b BUKU   |c PINJAMAN   |e PERPUSTAKAAN KOMUNITI PETALING JAYA 
999 |a 041215   |b BUKU   |c PINJAMAN   |e PERPUSTAKAAN KOMUNITI PETALING JAYA 
999 |a 041216   |b BUKU   |c PINJAMAN   |e PERPUSTAKAAN KOMUNITI PETALING JAYA 
999 |a 056978   |b BUKU   |c PINJAMAN   |e PERPUSTAKAAN KOMUNITI PETALING JAYA 
999 |a 056979   |b BUKU   |c PINJAMAN   |e PERPUSTAKAAN KOMUNITI PETALING JAYA 
999 |a 056980   |b BUKU   |c PINJAMAN   |e PERPUSTAKAAN KOMUNITI PETALING JAYA